| 000 | 00358pab a2200145 454500 | ||
|---|---|---|---|
| 008 | 180718b1985 xxu||||| |||| 00| 0 eng d | ||
| 100 | _aRosen, Stanley | ||
| 245 | _aProsperity, privatization, and China's youth | ||
| 260 | _c1985 | ||
| 300 | _a1-28 | ||
| 362 | _aMar.-Apr. | ||
| 650 | _aYouth - China | ||
| 773 | _aProblems and Communism | ||
| 909 | _a21099 | ||
| 999 |
_c21099 _d21099 |
||